| 000 | 00697nam a22002177a 4500 | ||
|---|---|---|---|
| 003 | OSt | ||
| 005 | 20251201143931.0 | ||
| 008 | 240917s2003 ag ||||| |||| 00| 0 spa d | ||
| 020 | _a84-89780-64-1 | ||
| 040 |
_cAR-RoUNCS _aAR-RoUNCS |
||
| 080 | _075Rembrandt | ||
| 245 | 0 | 0 |
_aRembrandt / _cpresentación de Juan Carrete Parrondo. |
| 250 | _a1a ed. | ||
| 260 |
_aMilano : _bGen40, _c2003. |
||
| 300 |
_a189 p. : _bil. col. ; _c21 cm. |
||
| 490 | 0 |
_aLos Grandes Genios de la Pintura ; _v11 |
|
| 600 | 7 |
_2embne _aRembrandt Harmenszoon van Rijn, _d1606-1669 _xCítica e interpretación |
|
| 655 | 7 |
_2embne _aCatálogo de exposiciones |
|
| 700 | 1 |
_aCarrete Parrondo, Juan, _d1944-2023 |
|
| 942 |
_2udc _cOG _n0 |
||
| 999 |
_c328 _d328 |
||